Monadologie a jiné práce / Gottfried Wilhelm Leibniz ; Přel. Jindřich Husák ; Úvod. studii naps. a pozn. opatřil Milan Sobotka
Record details
- Physical Description: 175 s. ; 19 cm
- Edition: 1. vyd.
- Publisher: Praha : Svoboda, 1982
Content descriptions
| General Note: | Obálka Václav Kučera Odkazy na lit. Podle vyd. C. I. Gerharta Die philosophischen Schriften von Gottfried Wilhelm Leibnitz Frontispis 3000 výt. Přeloženo z latiny a francouzštiny |
Search for related items by subject
| Subject: | Leibniz, Gottfried Wilhelm, 1646-1716 |
Available copies
- 1 of 1 copy available at Common Catalog SPOK.
Holds
- 0 current holds with 1 total copy.
Show Only Available Copies
| Location | Call Number / Copy Notes | Barcode | Shelving Location | Status | Due Date |
|---|---|---|---|---|---|
| Jabok Library | FL-3/Le | 424480004380 | Odborná literatura | Available | - |
| LDR | 01687nam a2200445 4500 | ||
|---|---|---|---|
| 001 | 7171 | ||
| 003 | CZ-PrJAB | ||
| 005 | 20220516093525.0 | ||
| 007 | tu | ||
| 008 | 830811s1982 xr u0|0 cze | ||
| 015 | . | ‡acnb000002515 | |
| 020 | . | ‡q(Brož.) : ‡c16 Kčs | |
| 035 | . | ‡a(CZ PrNK)ck8302496 | |
| 035 | . | ‡a(OCoLC)39562101 | |
| 040 | . | ‡aABA001 ‡bcze ‡dABA001 | |
| 041 | 1 | . | ‡acze ‡hlat ‡hfre |
| 080 | . | ‡a1(081) ‡2undef | |
| 080 | . | ‡a141.144 ‡2undef | |
| 080 | . | ‡a1:929 Leibniz, G. W. ‡2undef | |
| 080 | . | ‡a929Leibniz,G.W. ‡2undef | |
| 080 | . | ‡a111.3 ‡2undef | |
| 100 | 1 | . | ‡aLeibniz, Gottfried Wilhelm, ‡d1646-1716 ‡7jn20000603705 ‡4aut |
| 245 | 1 | 0. | ‡aMonadologie a jiné práce / ‡cGottfried Wilhelm Leibniz ; Přel. Jindřich Husák ; Úvod. studii naps. a pozn. opatřil Milan Sobotka |
| 250 | . | ‡a1. vyd. | |
| 260 | . | ‡aPraha : ‡bSvoboda, ‡c1982 ‡e(Brno : ‡fRudé právo) | |
| 300 | . | ‡a175 s. ; ‡c19 cm | |
| 500 | . | ‡aObálka Václav Kučera | |
| 500 | . | ‡aOdkazy na lit. | |
| 500 | . | ‡aPodle vyd. C. I. Gerharta Die philosophischen Schriften von Gottfried Wilhelm Leibnitz | |
| 500 | . | ‡aFrontispis | |
| 500 | . | ‡a3000 výt. | |
| 500 | . | ‡aPřeloženo z latiny a francouzštiny | |
| 600 | 1 | 7. | ‡aLeibniz, Gottfried Wilhelm, ‡d1646-1716 ‡7jn20000603705 ‡2czenas |
| 700 | 1 | . | ‡aHusák, Jindřich ‡7jk01043295 ‡4trl |
| 700 | 1 | . | ‡aSobotka, Milan, ‡d1927- ‡7jk01120262 ‡4aui |
| 910 | . | ‡aABG312 | |
| 964 | . | ‡aLeibniz, Gottfried Wilhelm (filozof a matematik něm., 1646-1716) - dílo filozofické | |
| 964 | . | ‡aLeibniz, Gottfried Wilhelm - život a dílo | |
| 964 | . | ‡aFilozofie - sborníky | |
| 901 | . | ‡a7171 ‡bUnknown ‡c7171 ‡tbiblio | |